| 000 | 00525cam a2200193ua 4500 | ||
|---|---|---|---|
| 020 |
_a81-203-2220-7 _cRs 250.00 |
||
| 041 |
_aeng _h |
||
| 082 |
_a630.33 _bKOH/MA |
||
| 100 | _aKohis, Richard L. | ||
| 245 |
_aMarketing of agricultural products / _cRichard L Kohis. _hTextual Documents |
||
| 250 |
_a9 / _b. |
||
| 260 |
_aNew Delhi : _bPrentice Hall of India Pvt Ltd. , _c2002. |
||
| 300 | _a544 ; . | ||
| 365 | _aRs 250.00 | ||
| 504 | _a | ||
| 700 | 1 | _aUhl, Joseph N . | |
| 942 | _cBK | ||
| 999 |
_c1429 _d1429 |
||